000 00378nam a2200133Ia 4500
005 20260328104252.0
008 260328s9999||||xx |||||||||||||| ||und||
100 _aDimendberg, Edward
245 0 _aDiller Scofidio + Renfro :
_b Architecture after imAges /
_cEdward Dimendberg
260 _bUniversity of Chicago Press
300 _a240 p.
650 _aARQUITECTOS
942 _cBK
999 _c10285
_d10285